Stratégie pre excelentnosť. Lean Manufacturing a Total Productive Maintenance : Zborník prednášok
Salvato in:
| Ente Autore: | |
|---|---|
| Natura: | Atti del Convegno Libro |
| Lingua: | slovacco |
| Pubblicazione: |
Žilina :
Slovenské centrum produktivity,
2005
|
| Soggetti: | |
| Tags: |
Nessun Tag, puoi essere il primo ad aggiungerne!!
|
MARC
| LEADER | 00000nam a22000003a 4500 | ||
|---|---|---|---|
| 001 | stu97075 | ||
| 005 | 20150408162755.4 | ||
| 008 | 051107s2005----xo------------------slo-d | ||
| 020 | |a 80-969391-0-6 | ||
| 040 | |a STU |b slo | ||
| 041 | 0 | |a slo | |
| 044 | |a xo | ||
| 111 | 2 | |a Národné fórum produktivity |n (8. : |d 12.-13.10.2005 : |c Žilina) | |
| 245 | |a Stratégie pre excelentnosť. Lean Manufacturing a Total Productive Maintenance : |b Zborník prednášok | ||
| 260 | |a Žilina : |b Slovenské centrum produktivity, |c 2005 | ||
| 300 | |a 94 s | ||
| 650 | 7 | |a automobilový priemysel |2 stusub | |
| 650 | 7 | |a personálny manažment |2 stusub | |
| 650 | 7 | |a kvalita produkcie |2 stusub | |
| 996 | |b 284M063521 |c M*Z-2734 |l MMKN |s A |a 24 |w stu97075_0001 | ||